Canzoni di Vale Pain - Statistics

Statistiche generali
  • Questo quiz è stato fatto 5 volte
  • Il punteggio medio è 22 su 98
Statistiche sulle risposte
Album Anno Feat Risposta % Corretto
Goleador(Gold edition) 2019 - 16 anni
100%
2020 2020 La luna nera Cali
100%
Vp Drive 1 2024 - UN'ALTRA VOLTA
100%
Vp Drive 1 2024 - VP
100%
Vp Drive 1 2024 - 20 ANNI
67%
2020: YoungStar 2020 Nko Agosto
67%
Estate in città 2023 - Estate in città
67%
- 2025 333 Mob F*ck Love
67%
PAIN 2 2025 333 Mob F*ck Love
67%
- 2023 Neima Ezza In mezzo ai guai
67%
Estate in città 2023 Neima Ezza In mezzo ai guai
67%
- 2020 Rondodasosa Louboutin
67%
Vp Drive 1 2024 - <3
67%
Estate in città 2023 - Maybe
67%
PAIN 2022 - Michael Jackson
67%
PAIN 2022 - Orfanelli
67%
PAIN 2022 - Pain
67%
- 2023 Artie 5ive Rocket
67%
Estate in città 2023 Artie 5ive Rocket
67%
Vp Drive 1 2024 - TE LO GIURO
67%
- 2022 Nko Te Quiero
67%
PAIN 2022 Nko Te Quiero
67%
- 2023 Medy Vida Mala
67%
Estate in città 2023 Medy Vida mala
67%
- 2023 - Abbronzatissima
33%
Estate in città 2023 - Abbronzatissima
33%
- 2024 - BIBITA
33%
Goleador(Gold edition) 2019 Tonino, Omar Santana Golden boys
33%
Goleador 2019 - Intro
33%
2020 2020 - Outro(00:00)
33%
PAIN 2022 - Seire A
33%
- 2022 ANNA Senza Emotions
33%
- 2019 - Shotta
33%
2020 2020 - Shotta
33%
- 2021 Baby Gang, Nko Shotta 2
33%
PAIN 2 2025 Glocky SHOTTA 3
33%
PAIN 2 2025 - SOLO
33%
2020:YoungStar 2020 Sacky, Nko YoungStar
33%
- 2021 Neima Ezza 1 COLPO
0%
PAIN 2022 - 3D
0%
PAIN 2 2025 - ADOLESCENZA
0%
2020 2020 Bovychulo Alaska
0%
Vp Drive 1 2024 - ALLA MODA
0%
2020 2020 Draw Ice Attraverso la tempesta
0%
2020 2020 Bovychulo Baci
0%
Goleador 2019 - Bandidos
0%
- 2018 - Banlieue
0%
Goleador 2019 - Banlieue
0%
2020 2020 Sacky, Bovychulo Belvedere
0%
Goleador 2019 - Bipolare
0%
PAIN 2 2025 Tony Boy CHANEL
0%
PAIN 2022 - Codeina e Hash
0%
Goleador 2019 - Cose situazioni
0%
Estate in città 2023 - Dimmi se
0%
2020 2020 Bovychulo For real
0%
Goleador(Gold edition) 2019 - Gente per bene
0%
PAIN 2 2025 - GHIACCIATO
0%
Goleador 2019 - Idol
0%
- 2019 - Il mio amico Sosa
0%
Goleador(Gold edition) 2019 - Il mio amico Sosa
0%
Goleador(Gold edition) 2019 - Il mio amico Sosa(Gold edition)
0%
PAIN 2022 - I miei panni
0%
2020 2020 Bovychulo Intro(2020)
0%
Vp Drive 1 2024 - ISTANTI
0%
Vp Drive 1 2024 - LEVIS
0%
2020:YoungStar 2020 Rondodasosa, Nko Loboutin
0%
Estate in città 2023 Neza Lyca
0%
Vp Drive 1 2024 - MAMMA NON VOGLIO ANDARE AL CLUB
0%
PAIN 2 2025 Faneto ME & U
0%
2020:YoungStar 2020 Nko Mon Amour
0%
PAIN 2 2025 Melons MONCLER
0%
Goleador 2019 - No love
0%
PAIN 2 2025 - NOSTALGIA
0%
- 2021 Nko OPPS
0%
Goleador 2019 - Pana
0%
2020 2020 - Paradiso
0%
PAIN 2 2025 - PARTY
0%
PAIN 2022 - Penso
0%
2020:YoungStar 2020 Bovychulo Pile di soldi
0%
PAIN 2 2025 - PIU DI UNA CANZONE
0%
- 2020 - Promessa
0%
2020:YoungStar 2020 2nd Roof Promessa
0%
Vp Drive 1 2024 - RITORNA DA ME
0%
Goleador 2019 - Senza te
0%
- 2021 Skinny Flex SLIDE
0%
Estate in città 2023 - So che fare
0%
2020:YoungStar 2020 Nko Sogni
0%
PAIN 2 2025 Neima Ezza SPECIALE
0%
PAIN 2022 - Till I die
0%
Vp Drive 1 2024 - TRAP GIRL
0%
PAIN 2 2025 Katarina RSA TRE ORE FA(INTERLUDE)
0%
Goleador 2019 - Tute di marca
0%
2020 2020 Rondodasosa, DaBi, Bovychulo Untouchable
0%
2020 2020 Brisas Vernissage
0%
2020 2020 Drawn Ice Vlone
0%
- 2024 Slings WOW
0%
PAIN 2022 - X
0%
PAIN 2 2025 - X T3
0%
Nessun quiz corrispondente trovato
Distribuzione punteggi
Percentuale di utenti per punteggio
Percentile per numero di risposta
I tuoi punteggi nel tempo
Non hai fatto questo quiz